[Event "Nova Gorica op-A 19th"]
[Site "Nova Gorica"]
[Date "2014.02.01"]
[Round "2"]
[White "Petrovic, Marko"]
[Black "Muradore, Aldo"]
[Result "1-0"]
[WhiteElo "1915"]
[BlackElo "1543"]
[PlyCount "41"]
[EventDate "2014.01.31"]
[EventType "swiss"]
[EventRounds "9"]
[EventCountry "SLO"]
[SourceTitle "CBM 158 Extra"]
[Source "ChessBase"]
[SourceDate "2014.02.28"]
[SourceVersion "1"]
[SourceVersionDate "2014.02.28"]
[SourceQuality "1"]

1. e4 c5 2. Nf3 d6 3. d4 cxd4 4. Nxd4 Nf6 5. Nc3 g6 6. Bb5+ Bd7 7. Bxd7+ Qxd7 8. Be3 Bg7 9. Qd2 0-0 10. Bh6 Nc6 11. Bxg7 Kxg7 12. 0-0-0 a6 13. h4 b5 14. h5 b4 15. hxg6 fxg6 16. Nd5 Ng8 17. Nb6 Qg4 18. f3 Qg3 19. Ne6+ Kh8 20. Rxh7+ Kxh7 21. Rh1+ 1-0

[Event "Nova Gorica op-A 18th"]
[Site "Nova Gorica"]
[Date "2013.01.29"]
[Round "7"]
[White "Kolsek, Jan"]
[Black "Muradore, Aldo"]
[Result "1-0"]
[WhiteElo "1631"]
[BlackElo "1563"]
[PlyCount "47"]
[EventDate "2013.01.25"]
[EventType "swiss"]
[EventRounds "9"]
[EventCountry "SLO"]
[SourceTitle "CBM 152 Extra"]
[Source "ChessBase"]
[SourceDate "2013.02.25"]
[SourceVersion "1"]
[SourceVersionDate "2013.02.25"]
[SourceQuality "1"]

1. e4 c5 2. Nf3 d6 3. d4 cxd4 4. Nxd4 Nf6 5. Nc3 a6 6. f3 b5 7. Be3 Bb7 8. Qd2 g6 9. Bh6 Nc6 10. Nxc6 Bxc6 11. Rd1 Qc7 12. Be2 Bxh6 13. Qxh6 0-0-0 14. a4 Qb6 15. axb5 axb5 16. Nd5 Bxd5 17. exd5 Kb8 18. Qd2 Rc8 19. b3 Rc5 20. c4 b4 21. Ra1 Rc7 22. Ra4 Ra7 23. Rxb4 Ra1+ 24. Bd1 1-0

[Event "Nova Gorica op-A 18th"]
[Site "Nova Gorica"]
[Date "2013.01.27"]
[Round "4"]
[White "Gratton, Damjan"]
[Black "Muradore, Aldo"]
[Result "1-0"]
[WhiteElo "1733"]
[BlackElo "1563"]
[PlyCount "66"]
[EventDate "2013.01.25"]
[EventType "swiss"]
[EventRounds "9"]
[EventCountry "SLO"]
[SourceTitle "CBM 152 Extra"]
[Source "ChessBase"]
[SourceDate "2013.02.25"]
[SourceVersion "1"]
[SourceVersionDate "2013.02.25"]
[SourceQuality "1"]

1. e4 e5 2. Nf3 d6 3. d4 exd4 4. Nxd4 Bd7 5. Bc4 Nf6 6. 0-0 Be7 7. Nc3 0-0 8. Bg5 c6 9. Bb3 h6 10. Bh4 Nh7 11. Bg3 Na6 12. a3 Rc8 13. Kh1 c5 14. Ndb5 Bxb5 15. Nxb5 c4 16. Ba2 Qb6 17. Nxd6 Bxd6 18. Bxd6 Rfd8 19. e5 Ng5 20. Qe2 Nc5 21. Be7 Re8 22. Bxg5 hxg5 23. Bxc4 Ne6 24. b3 Nf4 25. Qg4 Rcd8 26. Qxg5 Qd4 27. Rae1 b5 28. Bxb5 Re6 29. Re4 Qxe4 30. Qxd8+ Kh7 31. Bd3 Nxd3 32. Qxd3 Rxe5 33. Qxe4+ Rxe4 1-0

[Event "Udine Tre Circoli op"]
[Site "Udine"]
[Date "2012.02.11"]
[Round "3"]
[White "Muradore, Aldo"]
[Black "Bisaro, Andrea"]
[Result "1-0"]
[WhiteElo "1551"]
[BlackElo "1756"]
[PlyCount "83"]
[EventDate "2012.01.21"]
[EventType "swiss"]
[EventRounds "7"]
[EventCountry "ITA"]
[SourceTitle "EXT 2014"]
[Source "ChessBase"]
[SourceDate "2013.11.20"]
[SourceVersion "1"]
[SourceVersionDate "2013.11.20"]
[SourceQuality "1"]

1. d4 d5 2. g3 Nf6 3. Bg2 Bf5 4. Nf3 Nbd7 5. Nbd2 e6 6. Nh4 Bg6 7. Nxg6 hxg6 8. Nf3 Ne4 9. Nd2 Nd6 10. 0-0 Nf6 11. Rb1 Ng4 12. Nf3 Be7 13. Bf4 g5 14. Bxd6 Bxd6 15. Qd3 c6 16. e4 dxe4 17. Qxe4 Nf6 18. Qe2 g4 19. Ne5 Qa5 20. a3 Bxe5 21. dxe5 Nd7 22. Qxg4 Qxe5 23. h3 0-0-0 24. Rfe1 Qf6 25. b4 Nb6 26. b5 c5 27. Qe4 Qe7 28. Rbd1 Rhe8 29. a4 Rxd1 30. Rxd1 f5 31. Qe3 Nxa4 32. Ra1 Nb6 33. Rxa7 Qd6 34. Rxb7 Nd5 35. Bxd5 Qxd5 36. Rxg7 Qd1+ 37. Kg2 Qxc2 38. Qa3 Qe4+ 39. Kh2 Qe5 40. Qa8+ Qb8 41. Qc6+ Kd8 42. Qd7# 1-0

[Event "Nova Gorica op-A 16th"]
[Site "Nova Gorica"]
[Date "2011.01.29"]
[Round "3"]
[White "Sambo, Pietro"]
[Black "Muradore, Aldo"]
[Result "1-0"]
[WhiteElo "1702"]
[BlackElo "1582"]
[PlyCount "43"]
[EventDate "2011.01.28"]
[EventType "swiss"]
[EventRounds "9"]
[EventCountry "SLO"]
[SourceTitle "CBM 140 Extra"]
[Source "ChessBase"]
[SourceDate "2011.03.01"]
[SourceVersion "1"]
[SourceVersionDate "2011.03.01"]
[SourceQuality "1"]

1. e4 d6 2. d4 Nf6 3. Nc3 g6 4. Nf3 Bg7 5. Be3 0-0 6. Be2 b6 7. 0-0 Bb7 8. e5 dxe5 9. dxe5 Ng4 10. Bf4 e6 11. h3 Nh6 12. Qxd8 Rxd8 13. Rad1 Rc8 14. Rd2 Nc6 15. Rfd1 a6 16. a3 Nf5 17. Bh2 Rd8 18. Rd7 Rxd7 19. Rxd7 Rc8 20. Na4 Rd8 21. Rxc7 Rb8 22. Nxb6 1-0

[Event "Udine Oro Caffe op 3rd"]
[Site "Udine"]
[Date "2010.07.06"]
[Round "2"]
[White "Muradore, Aldo"]
[Black "Del Forno Sinicco, Michele"]
[Result "0-1"]
[WhiteElo "1575"]
[BlackElo "1802"]
[PlyCount "46"]
[EventDate "2010.07.05"]
[EventType "swiss"]
[EventRounds "7"]
[EventCountry "ITA"]
[SourceTitle "EXT 2024"]
[Source "ChessBase"]
[SourceDate "2023.10.10"]
[SourceVersion "1"]
[SourceVersionDate "2023.10.10"]
[SourceQuality "1"]

1. d4 d5 2. c4 e6 3. Nc3 c6 4. e4 dxe4 5. Nxe4 Bb4+ 6. Nc3 Nf6 7. Bg5 Bxc3+ 8. bxc3 Qa5 9. Bd2 Nbd7 10. Bd3 0-0 11. Nf3 e5 12. dxe5 Nxe5 13. Nxe5 Qxe5+ 14. Qe2 Qxe2+ 15. Bxe2 Re8 16. f3 Bf5 17. Kf2 Rad8 18. Rad1 Bc2 19. Be3 Bxd1 20. Bxd1 Rd3 21. Bxa7 Ra8 22. Bd4 Rxa2+ 23. Ke1 Rxd1+ 0-1

[Event "Udine Oro Caffe op 2nd"]
[Site "Udine"]
[Date "2009.07.08"]
[Round "3"]
[White "Pecchiari, Alberto"]
[Black "Muradore, Aldo"]
[Result "1/2-1/2"]
[WhiteElo "1425"]
[BlackElo "1487"]
[PlyCount "58"]
[EventDate "2009.07.06"]
[EventType "swiss"]
[EventRounds "7"]
[EventCountry "ITA"]
[SourceTitle "EXT 2011"]
[Source "ChessBase"]
[SourceDate "2010.11.26"]
[SourceVersion "1"]
[SourceVersionDate "2010.11.26"]
[SourceQuality "1"]

1. e4 c5 2. Nc3 e6 3. g3 g6 4. Bg2 Bg7 5. d3 Nc6 6. f4 Nge7 7. Nf3 a6 8. 0-0 0-0 9. Ne2 b5 10. g4 Qc7 11. Rb1 Bb7 12. Be3 c4 13. dxc4 bxc4 14. c3 d5 15. exd5 Nxd5 16. Bd2 Rfd8 17. Qc2 e5 18. Qe4 exf4 19. Qxc4 Ne3 20. Bxe3 fxe3 21. Ng5 Rd7 22. Nxf7 Rxf7 23. Rxf7 Qxf7 24. Bd5 Rf8 25. Bxf7+ Rxf7 26. Rf1 Ne5 27. Qb3 Nf3+ 28. Rxf3 Bxf3 29. Nd4 Bxg4 1/2-1/2

[Event "Udine Oro Caffe op 2nd"]
[Site "Udine"]
[Date "2009.07.07"]
[Round "2"]
[White "Laco, Giuseppe"]
[Black "Muradore, Aldo"]
[Result "1-0"]
[WhiteElo "2135"]
[BlackElo "1487"]
[PlyCount "55"]
[EventDate "2009.07.06"]
[EventType "swiss"]
[EventRounds "7"]
[EventCountry "ITA"]
[SourceTitle "EXT 2011"]
[Source "ChessBase"]
[SourceDate "2010.11.26"]
[SourceVersion "1"]
[SourceVersionDate "2010.11.26"]
[SourceQuality "1"]

1. f4 f5 2. g3 Nf6 3. Bg2 Nc6 4. c4 e6 5. a3 a5 6. b3 Bc5 7. Nf3 0-0 8. d4 Ba7 9. e3 Ne4 10. Qc2 b6 11. Bb2 d5 12. cxd5 exd5 13. Qxc6 Rb8 14. Nc3 Ba6 15. Qxd5+ Kh8 16. Qxd8 Rbxd8 17. Nxe4 fxe4 18. Ne5 Bb7 19. Rc1 c5 20. 0-0 Rfe8 21. Nf7+ Kg8 22. Nxd8 Rxd8 23. Rfd1 Bd5 24. dxc5 bxc5 25. Bxe4 Re8 26. Bxd5+ Kf8 27. Kf2 c4 28. Bd4 1-0

[Event "Udine Oro Caffe op 2nd"]
[Site "Udine"]
[Date "2009.07.06"]
[Round "1"]
[White "Muradore, Aldo"]
[Black "Redo, Stefano"]
[Result "1-0"]
[WhiteElo "1487"]
[BlackElo "1943"]
[PlyCount "47"]
[EventDate "2009.07.06"]
[EventType "swiss"]
[EventRounds "7"]
[EventCountry "ITA"]
[SourceTitle "EXT 2011"]
[Source "ChessBase"]
[SourceDate "2010.11.26"]
[SourceVersion "1"]
[SourceVersionDate "2010.11.26"]
[SourceQuality "1"]

1. d4 Nf6 2. c4 c5 3. d5 b5 4. cxb5 a6 5. Nc3 g6 6. Nf3 Bg7 7. Qc2 axb5 8. e4 b4 9. Ne2 0-0 10. Ng3 e6 11. d6 Qa5 12. b3 Nxe4 13. Bb2 Nxd6 14. Bxg7 Kxg7 15. Bd3 c4 16. Be4 cxb3 17. Qb2+ Kg8 18. 0-0 Nxe4 19. Nxe4 f5 20. Nf6+ Kg7 21. Nh5+ Kh6 22. Qg7+ Kxh5 23. Qxh7+ Kg4 24. Qh4# 1-0

[Event "Nova Gorica op-B 12th"]
[Site "Nova Gorica"]
[Date "2007.01.26"]
[Round "1"]
[White "Skrinjar, Matic"]
[Black "Muradore, Aldo"]
[Result "1-0"]
[WhiteElo "1783"]
[BlackElo "1500"]
[PlyCount "95"]
[EventDate "2007.01.26"]
[EventType "swiss"]
[EventRounds "9"]
[EventCountry "SLO"]
[SourceTitle "CBM 116 Extra"]
[Source "ChessBase"]
[SourceDate "2007.03.07"]
[SourceVersion "1"]
[SourceVersionDate "2007.03.07"]
[SourceQuality "1"]

1. e4 c5 2. Nf3 d6 3. d4 cxd4 4. Nxd4 a6 5. Nc3 g6 6. Be3 Bg7 7. Qd2 Nf6 8. f3 Qa5 9. Be2 Bd7 10. Bh6 0-0 11. Bxg7 Kxg7 12. g4 h6 13. h4 Nc6 14. g5 hxg5 15. hxg5 Nh5 16. Nb3 Qe5 17. 0-0-0 Rh8 18. Rh4 Qg3 19. Rhh1 Qf4 20. Nd5 Qxd2+ 21. Rxd2 Ng3 22. Re1 Nxe2+ 23. Rdxe2 Rh4 24. Rd2 Rah8 25. c3 Kf8 26. Kc2 Ne5 27. Rf1 Bb5 28. Rff2 Nc4 29. Rde2 Rh1 30. Nd4 Ne5 31. Nxb5 axb5 32. Nc7 Ra1 33. a3 Rhh1 34. Nxb5 Rac1+ 35. Kb3 Nd3 36. Rh2 Rxh2 37. Rxh2 Rf1 38. Rd2 Ne5 39. Nd4 Nxf3 40. Nxf3 Rxf3 41. Rd5 Rg3 42. a4 Rg4 43. Rb5 Rxe4 44. Rxb7 Re5 45. Kb4 Rxg5 46. a5 Rg2 47. a6 Rxb2+ 48. Ka3 1-0

[Event "Udine DLF op"]
[Site "Udine"]
[Date "2007.01.24"]
[Round "1"]
[White "Muradore, Aldo"]
[Black "Capaliku, Aleks"]
[Result "0-1"]
[WhiteElo "1544"]
[BlackElo "2107"]
[PlyCount "58"]
[EventDate "2007.01.24"]
[EventType "swiss"]
[EventRounds "7"]
[EventCountry "ITA"]
[SourceTitle "EXT 2010"]
[Source "ChessBase"]
[SourceDate "2010.11.25"]
[SourceVersion "1"]
[SourceVersionDate "2010.11.25"]
[SourceQuality "1"]

1. Nf3 c5 2. c4 e6 3. Nc3 d5 4. cxd5 exd5 5. d4 cxd4 6. Qa4+ Bd7 7. Qxd4 Be6 8. e4 Nc6 9. Bb5 dxe4 10. Qxe4 Rc8 11. 0-0 Nf6 12. Qe2 a6 13. Bxc6+ Rxc6 14. Bg5 Be7 15. Rfd1 Rd6 16. Rxd6 Qxd6 17. Rd1 Qc7 18. Bxf6 Bxf6 19. Ne4 Be7 20. b3 0-0 21. Nd4 Qe5 22. Nf3 Qf4 23. g3 Qc7 24. Neg5 Bf5 25. Rd5 g6 26. h4 Bf6 27. h5 Bxg5 28. Nxg5 Qc1+ 29. Kh2 Qxg5 0-1

[Event "Trieste op-B 7th"]
[Site "Trieste"]
[Date "2005.09.04"]
[Round "2"]
[White "Muradore, Aldo"]
[Black "Stampalia, Piergiorgio"]
[Result "0-1"]
[WhiteElo "1523"]
[BlackElo "1574"]
[PlyCount "96"]
[EventDate "2005.09.03"]
[EventType "swiss"]
[EventRounds "9"]
[EventCountry "ITA"]
[SourceTitle "EXT 2023"]
[Source "ChessBase"]
[SourceDate "2022.10.05"]
[SourceVersion "1"]
[SourceVersionDate "2022.10.05"]
[SourceQuality "1"]

1. d4 Nf6 2. Nf3 d5 3. e3 e6 4. Bd3 c5 5. c3 Bd6 6. 0-0 0-0 7. Nbd2 b6 8. e4 dxe4 9. Nxe4 Bb7 10. Nxf6+ Qxf6 11. Bg5 Bxf3 12. Bxf6 Bxd1 13. Bh4 Ba4 14. dxc5 Bxc5 15. b4 Bd6 16. Rae1 Bc6 17. b5 Bb7 18. f4 Rc8 19. c4 Bc5+ 20. Kh1 Nd7 21. Rd1 Nf8 22. f5 exf5 23. Bxf5 Re8 24. Rd3 g6 25. Bd7 Re2 26. Bc6 Bxc6 27. bxc6 Rc8 28. Rfd1 Rxc6 29. Rd8 Rxa2 30. Bg5 Kg7 31. R8d3 h6 32. Bd2 Rd6 33. Bc3+ Kg8 34. Rxd6 Bxd6 35. Rxd6 Rc2 36. Bd4 Rxc4 37. Rd8 Rc1+ 38. Bg1 Kg7 39. h3 Ne6 40. Rd7 Ra1 41. Kh2 Ra2 42. Rb7 g5 43. Rb8 Nf4 44. Bd4+ Kg6 45. Ra8 Rxg2+ 46. Kh1 Ra2 47. Bxb6 Nxh3 48. Bxa7 Kf5 0-1